Dlhodobé zdroje financovania a náklady kapitálu diplomová práca

Gespeichert in:
Bibliographische Detailangaben
1. Verfasser: Hrdá, Miroslava
Körperschaft: Fakulta podnikového manažmentu EU. Katedra podnikových financií
Weitere Verfasser: Miková, Oľga
Format: Buch
Sprache:Slowakisch
Veröffentlicht: Bratislava 2008
Tags: Tag hinzufügen
Keine Tags, Fügen Sie das erste Tag hinzu!

MARC

LEADER 00000nam$a2200000$$$4500
001 0088767
005 20240201115020.4
041 0 |a slo 
044 |a SK 
245 1 0 |a Dlhodobé zdroje financovania a náklady kapitálu  |b diplomová práca  |c Miroslava Hrdá ; škol. Oľga Miková 
264 1 |a Bratislava  |c 2008 
300 |a 79 s. 
100 1 |a Hrdá, Miroslava 
700 1 |a Miková, Oľga 
710 2 |a Fakulta podnikového manažmentu EU. Katedra podnikových financií